000 00547nam a2200169Ia 4500
008 090201s9999 xx 000 0 und d
010 _aKPL-26928
040 _bमराठी
041 _aमराठी
082 _a23658
_b26928
100 _aमुक्ता केणेकर
245 _aअंधाराची कावड
_cमुक्ता केणेकर
260 _c2004
_bदिलीप प्रकाशन
300 _a145
_bमोठा
600 _aअंधाराची कावड
942 _cBOOK
999 _c223130
_d223130